000 00819cam a22002777a 4500
003 CHAP
005 20220329134436.0
008 971013s1971 r 00010 d
010 _a20560
011 _a21532
035 _a25622
040 _cCHAP
082 _a631.7
_bD6
100 0 0 _aDomínguez García-Tejero, Francisco.
_933815
245 1 3 _aEl riego; su implantación y su técnica
260 _aMadrid :
_bDossat,
_c1971
300 _a389 p.
_b: ilus. ; mapas
590 _aBATCH-UPD
_b10
_c20130110
_lUCH01
_h1108
590 _aBATCH-UPD
_b10
_c20130410
_lUCH01
_h0659
590 _aBATCH-UPD
_b10
_c20130914
_lUCH01
_h1655
590 _aCONVERSION
_b10
_c20130109
_lUCH01
_h1312
650 1 4 _aIrrigación.
_960366
901 _aBK
942 _cLIBRO
949 _a631.7 D6
_bBC
_cMUT
_d-59025
_eMUT
_h38428
_i25622
_sb
999 _c20560
_d20560